[Event "Foment Martinenc op-A 16th"]
[Site "Barcelona"]
[Date "2014.06.14"]
[Round "8"]
[White "Aguadero Casado, Jorge Ignacio"]
[Black "Lopez Penon, Emili"]
[Result "1/2-1/2"]
[WhiteElo "1920"]
[BlackElo "1790"]
[PlyCount "63"]
[EventDate "2014.04.26"]
[EventType "swiss"]
[EventRounds "9"]
[EventCountry "ESP"]
[SourceTitle "EXT 2015"]
[Source "ChessBase"]
[SourceDate "2014.11.20"]
[SourceVersion "1"]
[SourceVersionDate "2014.11.20"]
[SourceQuality "1"]

1. c4 e5 2. g3 f5 3. e4 Nf6 4. exf5 d5 5. g4 Bc5 6. Nc3 d4 7. Na4 Na6 8. Nxc5 Nxc5 9. d3 0-0 10. Bg5 Qd6 11. Bg2 e4 12. Bxf6 Nxd3+ 13. Kf1 Qxf6 14. Bxe4 Nxb2 15. Qb3 d3 16. Rb1 d2 17. Bxb7 Bxb7 18. Qxb7 d1Q+ 19. Rxd1 Nxd1 20. Qd5+ Kh8 21. Qxd1 Qa6 22. Qc2 Qc6 23. f3 Rab8 24. Kg2 Qb7 25. Ne2 Qb2 26. Rc1 Rfd8 27. Kg3 Rd2 28. Qxb2 Rbxb2 29. Nc3 c6 30. Re1 Rb8 31. a4 Rc2 32. Re3 1/2-1/2

[Event "Foment Martinenc op-A 16th"]
[Site "Barcelona"]
[Date "2014.05.17"]
[Round "4"]
[White "Garcia Ramos, Daniel"]
[Black "Lopez Penon, Emili"]
[Result "1-0"]
[WhiteElo "1975"]
[BlackElo "1790"]
[PlyCount "35"]
[EventDate "2014.04.26"]
[EventType "swiss"]
[EventRounds "9"]
[EventCountry "ESP"]
[SourceTitle "EXT 2015"]
[Source "ChessBase"]
[SourceDate "2014.11.20"]
[SourceVersion "1"]
[SourceVersionDate "2014.11.20"]
[SourceQuality "1"]

1. e4 Nf6 2. e5 Nd5 3. d4 d6 4. Nf3 Bg4 5. Bc4 Nb6 6. Bxf7+ Kd7 7. exd6 cxd6 8. Ne5+ dxe5 9. Qxg4+ Kc7 10. dxe5 Nc6 11. Nc3 g6 12. 0-0 Nxe5 13. Bf4 Bg7 14. Qg3 Nbd7 15. Be6 Kc6 16. Rad1 Qe8 17. Rfe1 Nf7 18. Qf3+ 1-0

[Event "Foment Martinenc op-B 15th"]
[Site "Barcelona"]
[Date "2013.06.08"]
[Round "8"]
[White "Lopez Penon, Emili"]
[Black "Espejo Arnau, Sergi"]
[Result "1/2-1/2"]
[WhiteElo "1750"]
[BlackElo "1639"]
[PlyCount "136"]
[EventDate "2013.04.20"]
[EventType "swiss"]
[EventRounds "9"]
[EventCountry "ESP"]
[SourceTitle "CBM 154 Extra"]
[Source "ChessBase"]
[SourceDate "2013.06.25"]
[SourceVersion "2"]
[SourceVersionDate "2013.06.25"]
[SourceQuality "1"]

1. e4 c5 2. Nf3 Nc6 3. d4 cxd4 4. Nxd4 Nf6 5. Nc3 d6 6. Bb5 Bd7 7. 0-0 g6 8. Be3 Bg7 9. h3 0-0 10. Qf3 Rc8 11. Nxc6 bxc6 12. Ba6 Rb8 13. Nd1 Qa5 14. Qe2 Rfe8 15. Bd4 Nxe4 16. Bxa7 Ra8 17. Qxe4 Rxa7 18. Be2 Rb7 19. c3 Qg5 20. f4 Qc5+ 21. Kh1 Bf5 22. Qf3 Bc2 23. b4 Qb6 24. a4 d5 25. a5 Qa7 26. Ra3 e5 27. fxe5 Rxe5 28. a6 Rbe7 29. Bd3 Bxd1 30. Qxd1 Re3 31. Qc2 Re1 32. Ra1 R1e3 33. Rac1 Bh6 34. Rcd1 Bg7 35. c4 d4 36. b5 Rc7 37. Rb1 cxb5 38. Rxb5 Qxa6 39. c5 Qc6 40. Qc4 Rb7 41. Ra5 Rg3 42. Rf2 Rd7 43. Kg1 Rg5 44. Ra6 Qxc5 45. Rc6 Qxc4 46. Bxc4 Bh6 47. Rcf6 Rc5 48. Bxf7+ Kg7 49. Be6 Re7 50. Rf7+ Rxf7 51. Rxf7+ Kh8 52. Rd7 Be3+ 53. Kf1 Re5 54. Bc4 Rc5 55. Bb3 Rc3 56. Bd1 d3 57. Re7 d2 58. Ke2 Bg5 59. Re5 Bf4 60. Re4 Bh6 61. h4 Rg3 62. Kf2 Ra3 63. Ke2 Ra2 64. Rd4 Bg7 65. Rxd2 Rxd2+ 66. Kxd2 Bf6 67. g3 Be5 68. g4 Kg7 1/2-1/2

[Event "Foment Martinenc op-B 15th"]
[Site "Barcelona"]
[Date "2013.05.18"]
[Round "5"]
[White "Martinez Aguero, Francisco"]
[Black "Lopez Penon, Emili"]
[Result "0-1"]
[WhiteElo "1509"]
[BlackElo "1750"]
[PlyCount "72"]
[EventDate "2013.04.20"]
[EventType "swiss"]
[EventRounds "9"]
[EventCountry "ESP"]
[SourceTitle "CBM 154 Extra"]
[Source "ChessBase"]
[SourceDate "2013.06.25"]
[SourceVersion "2"]
[SourceVersionDate "2013.06.25"]
[SourceQuality "1"]

1. e4 Nf6 2. Nc3 d5 3. e5 Nfd7 4. d4 e6 5. Nf3 c5 6. Be3 Qa5 7. a3 Nc6 8. Bb5 cxd4 9. Bxd4 Qc7 10. Bxc6 bxc6 11. b4 a5 12. 0-0 axb4 13. axb4 Rxa1 14. Qxa1 Bxb4 15. Qb2 Be7 16. Rb1 0-0 17. Bb6 Qb8 18. Na4 Ba6 19. Qc3 Bb5 20. Bc5 Nxc5 21. Nxc5 Qa7 22. Nd3 Rb8 23. Ra1 Qb6 24. Rb1 c5 25. Nb2 Ba4 26. Nd2 d4 27. Qc4 Bc6 28. h3 Bd5 29. Qd3 Qc7 30. Qg3 c4 31. Nd1 Rxb1 32. Nxb1 c3 33. Qf4 Qb6 34. Qc1 Qb4 35. f4 Ba2 36. Nbxc3 dxc3 0-1

[Event "Foment Martinenc op-B 15th"]
[Site "Barcelona"]
[Date "2013.05.04"]
[Round "3"]
[White "Romero Gamez, Francisco Javier"]
[Black "Lopez Penon, Emili"]
[Result "1-0"]
[WhiteElo "1693"]
[BlackElo "1750"]
[PlyCount "51"]
[EventDate "2013.04.20"]
[EventType "swiss"]
[EventRounds "9"]
[EventCountry "ESP"]
[SourceTitle "CBM 154 Extra"]
[Source "ChessBase"]
[SourceDate "2013.06.25"]
[SourceVersion "2"]
[SourceVersionDate "2013.06.25"]
[SourceQuality "1"]

1. e4 Nf6 2. Nc3 d5 3. exd5 Nxd5 4. Bc4 Be6 5. Qf3 Nb4 6. Bxe6 fxe6 7. Qh5+ g6 8. Qb5+ N8c6 9. Kd1 Nxc2 10. Kxc2 Bg7 11. Nf3 0-0 12. Qc4 Qd7 13. Re1 Rf6 14. Ne4 Rff8 15. d3 b5 16. Qc5 Rf5 17. Qe3 Nb4+ 18. Kb1 Bh6 19. Qe2 Nxd3 20. Bxh6 Nxe1 21. Nxe1 Re5 22. f3 Rd8 23. Qd2 Qxd2 24. Bxd2 Rxd2 25. a3 c5 26. Nxd2 1-0